<?xml version="1.0" encoding="UTF-8"?>
<record
    xmlns:xsi="http://www.w3.org/2001/XMLSchema-instance"
    xsi:schemaLocation="http://www.loc.gov/MARC21/slim http://www.loc.gov/standards/marcxml/schema/MARC21slim.xsd"
    xmlns="http://www.loc.gov/MARC21/slim">

  <leader>02595    a2200205   4500</leader>
  <controlfield tag="001">41512</controlfield>
  <controlfield tag="005">20260407155708.0</controlfield>
  <controlfield tag="008">260407a2016    arg                 spa d</controlfield>
  <controlfield tag="003">AR-UNSa-BCEJYS</controlfield>
  <datafield tag="040" ind1=" " ind2=" ">
    <subfield code="a">AR-UNSa-BCEJYS</subfield>
    <subfield code="b">spa</subfield>
    <subfield code="c">AR-UNSa-BCEJYS</subfield>
  </datafield>
  <datafield tag="080" ind1=" " ind2=" ">
    <subfield code="a">336.22</subfield>
    <subfield code="x">Impuestos</subfield>
  </datafield>
  <datafield tag="245" ind1="1" ind2="0">
    <subfield code="a">R&#xE9;gimen de sinceramiento fiscal</subfield>
    <subfield code="p">blanqueo, moratoria y reforma tributaria</subfield>
  </datafield>
  <datafield tag="264" ind1=" " ind2="1">
    <subfield code="a">Buenos Aires :</subfield>
    <subfield code="b">Thomson Reuters Checkpoint</subfield>
    <subfield code="c">2016</subfield>
  </datafield>
  <datafield tag="300" ind1=" " ind2=" ">
    <subfield code="a">160 p.</subfield>
    <subfield code="c">24 cm.</subfield>
  </datafield>
  <datafield tag="505" ind1=" " ind2=" ">
    <subfield code="a">1. El R&#xE9;gimen de sinceramiento fiscal. Situaci&#xF3;n externa e interna / Antonio H. Figueroa - 2. El blanqueo ya est&#xE1; en vigencia / Flavia I. Melzi - 3. La fecha de preexistencia como requisito de los bienes o tenencias para entrar en el blanqueo y algunas precisiones sobre el r&#xE9;gimen / Humberto P. Diez - 4. An&#xE1;lisis de la ley 27.260 en materia de blanqueo de capitales y sus efectos en la faz tributaria y penal / Germ&#xE1;n J. Ruetti y Fernando J. Diez - 5. Breves comentarios sobre los costos reales del R&#xE9;gimen de sinceramiento / Fernando D. Garc&#xED;a - 6. La Ley de sinceramiento fiscal y los desatinos del pass-on / Dar&#xED;o M. Rajmilovich  - 7. El abogado tributarista y su rol frente a la Ley de sinceramiento fiscal / Diego N. Fraga y Eduardo A. Aguilera - 8. Los fondos comunes de inversi&#xF3;n como alternativa para evitar el pago del "Impuesto especial" dispuesto por la "Ley de Blanqueo 2016" / Ramiro Salvochea - 9. Aspectos financieros del R&#xE9;gimen de sinceramiento fiscal. Estructura legal integral: ley N&#xBA; 27.260, decreto PEN N&#xBA; 895/2016, CNV N&#xBA; 672, BCRA 6022, AFIP 3919 y 3920 / Fernando J. Luciani - 10. Efectos de la moratoria impositiva en materia de infracciones y delitos tributarios. Condonaci&#xF3;n de sanciones y extinci&#xF3;n de las acciones penales tributarias / Guillermina Gamberg - 11. R&#xE9;gimen excepcional de regularizaci&#xF3;n de obligaciones. Ley N&#xBA; 27.260: su reglamentaci&#xF3;n / Osvaldo Bal&#xE1;n y Alberto M. Bello - 12. Algunas consideraciones sobre la ley 27.260 vinculadas a la regularizaci&#xF3;n de obligaciones tributarias y de la seguridad social / Susana S. Accorinti - 13. R&#xE9;gimen de sinceramiento fiscal 2016: beneficios para sujetos cumplidores / Patricia Abelenda - 14. El blanqueo y los impuestos. Su reglamentaci&#xF3;n / Luis Omar Fern&#xE1;ndez - 15. Comentarios a la Ley 27.260 de Reparaci&#xF3;n Hist&#xF3;rica en la parte relacionada con los acuerdos transaccionales de los jubilados / Guillermo J. J&#xE1;uregui</subfield>
  </datafield>
  <datafield tag="041" ind1=" " ind2=" ">
    <subfield code="a">spa</subfield>
  </datafield>
  <datafield tag="942" ind1=" " ind2=" ">
    <subfield code="c">BK</subfield>
  </datafield>
  <datafield tag="590" ind1=" " ind2=" ">
    <subfield code="a">niveau_biblio:m niveau_hierar:0</subfield>
  </datafield>
  <datafield tag="856" ind1="4" ind2="1">
    <subfield code="u">https://biblioeco.unsa.edu.ar/pmb/images/revistas/E00055.jpg</subfield>
    <subfield code="y">Imagen de portada</subfield>
    <subfield code="q">image/jpeg</subfield>
  </datafield>
  <datafield tag="999" ind1=" " ind2=" ">
    <subfield code="c">3513</subfield>
    <subfield code="d">3513</subfield>
  </datafield>
  <datafield tag="952" ind1=" " ind2=" ">
    <subfield code="0">0</subfield>
    <subfield code="1">0</subfield>
    <subfield code="4">0</subfield>
    <subfield code="7">0</subfield>
    <subfield code="a">BCEJYS</subfield>
    <subfield code="b">BCEJYS</subfield>
    <subfield code="c">16</subfield>
    <subfield code="d">2026-04-07</subfield>
    <subfield code="l">0</subfield>
    <subfield code="o">E336.22 R335/LE</subfield>
    <subfield code="p">E00055</subfield>
    <subfield code="r">2026-04-07 15:57:08</subfield>
    <subfield code="w">2026-04-07</subfield>
    <subfield code="y">L</subfield>
  </datafield>
</record>
